Statistics for All 63 U.S. National Parks by Picture

Click here to take the quiz!

General Stats

  • This quiz has been taken 121 times
  • The average score is 44 of 63

Answer Stats

Answer% Correct
Acadia
92%
Arches
91%
Yellowstone
91%
Crater Lake
89%
Grand Canyon
89%
Yosemite
89%
Badlands
88%
Denali
87%
Everglades
86%
Sequoia
86%
Glacier
85%
Grand Teton
84%
Great Smoky Mountains
83%
Joshua Tree
83%
Mount Rainier
83%
Gateway Arch
82%
Redwood
82%
Zion
82%
Death Valley
81%
Hawai'i Volcanoes
81%
Big Bend
80%
Bryce Canyon
79%
Carlsbad Caverns
78%
Mammoth Cave
78%
Great Sand Dunes
73%
Shenandoah
73%
White Sands
72%
Isle Royale
71%
Mesa Verde
71%
Hot Springs
69%
Saguaro
69%
Dry Tortugas
68%
Rocky Mountain
68%
American Samoa
67%
Biscayne
67%
Canyonlands
66%
Gates of the Arctic
66%
Olympic
66%
Wind Cave
66%
Cuyahoga Valley
65%
Black Canyon of the Gunnison
64%
Indiana Dunes
63%
Theodore Roosevelt
63%
Glacier Bay
62%
North Cascades
62%
Channel Islands
60%
Great Basin
60%
Voyageurs
60%
Virgin Islands
59%
Petrified Forest
58%
Capitol Reef
57%
Congaree
57%
Kenai Fjords
56%
Kings Canyon
56%
Guadalupe Mountains
54%
Katmai
54%
Lassen Volcanic
54%
New River Gorge
54%
Wrangell-St. Elias
51%
Pinnacles
49%
Haleakala
47%
Lake Clark
46%
Kobuk Valley
42%

Score Distribution

Percentile by Number Answered

Percent of People with Each Score

Your Score History

You have not taken this quiz